| 000 | 00445cam a22001097a 4500 | ||
|---|---|---|---|
| 008 | 180718b1956 xxu||||| |||| 00| 0 eng d | ||
| 082 | _aI5001 I241/1956 | ||
| 245 |
_aDescriptive memoir of Prime Minister's Secretariat, Ist April 1956 _cby O. and M. Division, Cabinet Secretariat |
||
| 260 |
_aNew Delhi _bO. and M. Division, Cabinet Secretariat _c1956 |
||
| 300 | _a5p. | ||
| 700 | _aIndia. Cabinet Secretariat. O. and M. Division. Cabinet Secretariat | ||
| 999 |
_c491092 _d491092 |
||